| 000 | 00836cam a2200205 4500 | ||
|---|---|---|---|
| 001 | ABS68127 | ||
| 008 | 040810n2004 000 0 eng u | ||
| 035 | _a(Sirsi) u127044 | ||
| 100 | _aDewar, D. | ||
| 245 | _aImpact appraisals brought up to date | ||
| 260 | _c2004 | ||
| 490 |
_aPlanning (for the Natural and Built Environment) _v(1578) 16 July 2004, 14-15(2) |
||
| 520 | _aReviews "Guidelines for environmental impact assessment", published by the Institute of Environmental Management, which provides a framework for drawing up assessments. Highlights common failures when putting together assessments. Table showing number of statements submitted 1991-2002. | ||
| 590 | _aABS | ||
| 590 | _aABS | ||
| 650 | _aENVIRONMENT IMPACT ASSESSMENT | ||
| 650 | _aFRAMEWORK DOCUMENTS | ||
| 690 |
_aENVIRONMENT _96238 |
||
| 942 | _n0 | ||
| 999 |
_c117835 _d117835 |
||